10th Doctor Episodes - Sudden Death - Statistics

General Stats
  • This quiz has been taken 11 times
  • The average score is 5 of 10
Answers on the Grid
Answers color-coded by a green-red scale on the quiz's grid according to % correct below.
Gridlock
Oxygen
Blink
The Power Of Three
Journey's End
New Earth
Day Of The Daleks
Revenge Of The Cybermen
Rose
The End Of The World
Bad Wolf
Boom
The Witchfinders
The Caretaker
The Fires Of Pompeii
The Girl In The Fireplace
The Time Of Angels
Thin Ice
Victory Of The Daleks
Tooth And Claw
The Time Of The Doctor
Planet Of The Dead
The Eaters Of Light
City Of Death
42
The Power Of The Doctor
Human Nature
Last Christmas
 
Answer Stats
Answer % Correct
Blink
63%
Journey's End
63%
New Earth
63%
42
50%
Gridlock
50%
Human Nature
50%
Planet Of The Dead
50%
The Girl In The Fireplace
50%
The Fires Of Pompeii
38%
Tooth And Claw
38%
No matching quizzes found
Score Distribution
Percent of People with Each Score
Percentile by Number Answered
Your Score History
You have not taken this quiz